| 000 | 00845nam a22002177a 4500 | ||
|---|---|---|---|
| 999 |
_c8173 _d8173 |
||
| 003 | AR-CdUCM | ||
| 008 | 190322b ||||| |||| 00| 0 spa d | ||
| 040 |
_aMUNICIPALIDAD PROVINCIAL DEL CUSCO _cBIBLIOTECA MUNICIPAL DEL CUSCO |
||
| 082 |
_a515 / _bG75 |
||
| 100 |
_aGordon, O. V. _923053 |
||
| 245 | _aCurso de descriptiva geometria / | ||
| 260 |
_aMoscú : _bMir, _c1973. |
||
| 300 |
_a371 páginas ; _c23 cm. |
||
| 505 | _aContenido : Introducción -- Capítulo I : Formación de las proyecciones -- Capítulo II : Punto y recta -- Capitulo III : El plano -- Capítulo IV : Posesión recíproca de dos planos de un línea recta y un plano ... | ||
| 650 |
_aMatemática _919387 |
||
| 650 |
_aGeometría _918656 |
||
| 650 |
_aRectas y planos _923054 |
||
| 700 |
_aSementsov - Oguiyevski, M. A. _923055 |
||
| 942 |
_2ddc _cLIBROS |
||
| 945 | _arah | ||